000 00494cam a2200193ua 4500
001 5092
008 150214n ii |||gr||||Z||||||eng
020 _a81-7201-840-1
040 _cMAIN
041 _aeng
082 _a820.954
100 _aNaik, M. K.,
_eAuthor.,
245 _aHistory of indian english literature
_cby M. K. Naik
250 _a1st.
260 _aNew Delhi:
_bSahitya Akademi,
_c1997.
300 _a320p:
_c23cm.
653 _aEnglish.& Old English literatures
942 _cBK
999 _c4276
_d4276